1125 1496 1315 1397 1814 1672 1744 1952 1228 1120 1624 1908 1213 1952 1235 1890 1559 1391 1124 1647 1184 1483 1970 1727 1553 1289 1517 1431 1192 1216 1888 1788 1491 1319 1967 1554 1285 1077 1471 1452 1652 1200 1939 1900 1014 1557 1220 1349 1523 1328 1635 1639 1920 1174 1522 1415 1367 1342 1247 1436 1357 1164 1337 1289 1182 1349 1500 1737 1705 1811 1537 1401 1842 1210 1985 1351 1640 1920 1029 1837 1827 1028 1174 1746 1676 1106 1782 1118 1250 1713 1976 1577 1580 1592 1705 1822 1615 1859 1615 BCNSPRNW ULIB Ver.6.0+V

เปลี่ยนเป็นภาษาไทย

Change to English
 แสดงรายละเอียดบรรณานุกรม
  กลับหน้าหลัก

Brief Record : Get Marc (ISO 2709) : E-mail record : QR code < ปิดหน้าต่าง
LEADER : 00000nam 2200000uu 4500
001    13399126555
003     ULIB
008    181021s2555||||th 000 0 tha d
020    ^a9789740330165^c130
060 04 ^aWL346^bจ425ค
100 0  ^aจิตติมา เจริญลิ้มประเสริฐ
245 10 ^aคู่มือการออกกำลังกาย :^bแบบช่วยทำการเคลื่อนไหวข้อต่อในผู้ป่วยอัมพาต (ความรู้เบื้องต้นสำหรับผู้ป่วยและผู้ดูแล) /^cจิตติมา เจริญลิ้มประเสริฐ
250    ^aพิมพ์ครั้งที่ 1
260    ^aกรุงเทพฯ :^bสำนักพิมพ์แห่งจุฬาลงกรณ์มหาวิทยาลัย,^c2555
300    ^a47 หน้า :^bภาพประกอบ ;^c26 ซม. +^eซีดีรอม 1 แผ่น
650  4 ^aการออกกำลังกาย^xเครื่องมือและอุปกรณ์
650  4 ^aอัมพาต^xผู้ป่วย^xการรักษาด้วยการออกกำลังกาย^vคู่มือ
650  4 ^aอัมพาต^xผู้ป่วย^xการฟื้นฟูสมรรถภาพ
650  4 ^aอัมพาต^xกายภาพบำบัด
650  4 ^aกายบริหารยืดเส้น^vคู่มือ
650  4 ^aการออกกำลังกาย^vคู่มือ
945    ^p130^l0^i26824
945    ^p130^l0^i26833
945    ^p130^l0^i26826
945    ^p130^l0^i26825
945    ^p130^l0^i26832
945    ^p130^l0^i26831
945    ^p130^l0^i26830
945    ^p130^l0^i26829
945    ^p130^l0^i26828
945    ^p130^l0^i26827
999    ^aกัณชพร จุลอักษร
รายการนี้ยังไม่มีแท็ก
คุณยังไม่ได้ล็อกอิน คุณสามารถมีกิจกรรมร่วมกับเว็บไซต์ได้ แต่ต้องล็อกอินก่อน ::
  ล็อกอิน

รายการสื่อสารสนเทศ

ลำดับที่ ประเภท เลขเรียก/บาร์โค้ด สถานที่ สถานะ
1. หนังสือสำรอง
หนังสือสำรอง
WL346 จ425ค ฉ.1 
  Barcode: 26824
ห้องสมุดวิทยาเขตนครสวรรค์
►หนังสือทั่วไป:l:General Books
บนชั้น
2. วิทยาศาสตร์การแพทย์ และสุขภาพ
วิทยาศาสตร์การแพทย์ และสุขภาพ
WL346 จ425ค ฉ.10 
  Barcode: 26833
ห้องสมุดวิทยาเขตนครสวรรค์
►หนังสือทั่วไป:l:General Books
บนชั้น
3. วิทยาศาสตร์การแพทย์ และสุขภาพ
วิทยาศาสตร์การแพทย์ และสุขภาพ
WL346 จ425ค ฉ.2 
  Barcode: 26825
ห้องสมุดวิทยาเขตนครสวรรค์
►หนังสือทั่วไป:l:General Books
บนชั้น
4. วิทยาศาสตร์การแพทย์ และสุขภาพ
วิทยาศาสตร์การแพทย์ และสุขภาพ
WL346 จ425ค ฉ.3 
  Barcode: 26826
ห้องสมุดวิทยาเขตนครสวรรค์
►หนังสือทั่วไป:l:General Books
บนชั้น
5. วิทยาศาสตร์การแพทย์ และสุขภาพ
วิทยาศาสตร์การแพทย์ และสุขภาพ
WL346 จ425ค ฉ.4 
  Barcode: 26827
ห้องสมุดวิทยาเขตนครสวรรค์
►หนังสือทั่วไป:l:General Books
บนชั้น
6. วิทยาศาสตร์การแพทย์ และสุขภาพ
วิทยาศาสตร์การแพทย์ และสุขภาพ
WL346 จ425ค ฉ.5 
  Barcode: 26828
ห้องสมุดวิทยาเขตนครสวรรค์
►หนังสือทั่วไป:l:General Books
บนชั้น
7. วิทยาศาสตร์การแพทย์ และสุขภาพ
วิทยาศาสตร์การแพทย์ และสุขภาพ
WL346 จ425ค ฉ.6 
  Barcode: 26829
ห้องสมุดวิทยาเขตนครสวรรค์
►หนังสือทั่วไป:l:General Books
บนชั้น
8. วิทยาศาสตร์การแพทย์ และสุขภาพ
วิทยาศาสตร์การแพทย์ และสุขภาพ
WL346 จ425ค ฉ.7 
  Barcode: 26830
ห้องสมุดวิทยาเขตนครสวรรค์
►หนังสือทั่วไป:l:General Books
บนชั้น
9. วิทยาศาสตร์การแพทย์ และสุขภาพ
วิทยาศาสตร์การแพทย์ และสุขภาพ
WL346 จ425ค ฉ.8 
  Barcode: 26831
ห้องสมุดวิทยาเขตนครสวรรค์
►หนังสือทั่วไป:l:General Books
บนชั้น
10. วิทยาศาสตร์การแพทย์ และสุขภาพ
วิทยาศาสตร์การแพทย์ และสุขภาพ
WL346 จ425ค ฉ.9 
  Barcode: 26832
ห้องสมุดวิทยาเขตนครสวรรค์
►หนังสือทั่วไป:l:General Books
บนชั้น

รายการใกล้เคียง
    ผู้แต่ง [จิตติมา เจริญลิ้มประเสริฐ]

BibComment


ยังไม่เคยถูกคอมเมนท์

คอมเมนท์ทรัพยากรรายการนี้
  คอมเมนท์: คู่มือการออกกำลั..


 Copyright 2026. Bcnsprnw @Library